[Event "Titled Tuesday intern op 30th May Early"]
[Site "Chess.com INT"]
[Date "2023.05.30"]
[Round "4"]
[White "Simonian, Hrair"]
[Black "Mizzi, Jack"]
[Result "1/2-1/2"]
[WhiteElo "2431"]
[BlackElo "1986"]
[PlyCount "130"]
[EventDate "2023.05.30"]
[EventType "swiss (blitz)"]
[EventRounds "11"]
[EventCountry "USA"]
[SourceTitle "CBM 214 Extra"]
[Source "ChessBase"]
[SourceDate "2023.07.31"]
[SourceVersion "1"]
[SourceVersionDate "2023.07.31"]
[SourceQuality "1"]

1. e4 c6 2. d4 d5 3. Nc3 dxe4 4. Nxe4 Bf5 5. Ng3 Bg6 6. h4 h6 7. Nh3 Nd7 8. Nf4 Bh7 9. c3 e5 10. Qe2 Bd6 11. Ngh5 g6 12. Ng7+ Ke7 13. h5 g5 14. Nd3 Kf6 15. dxe5+ Nxe5 16. Nxe5 Bxe5 17. g4 Qd5 18. Rh3 Kxg7 19. Be3 Rd8 20. Bxa7 Nf6 21. Bb6 Rd7 22. c4 Qe6 23. Re3 Re8 24. Bh3 Qd6 25. Ba5 Rde7 26. Kf1 Bf4 27. Rxe7 Qxe7 28. Qxe7 Rxe7 29. Bc3 Bd3+ 30. Kg1 Be5 31. Re1 Bd6 32. Rd1 Rd7 33. Rxd3 Bh2+ 34. Kxh2 Rxd3 35. Bf1 Rd1 36. Be2 Rc1 37. Kg2 Ra1 38. a3 Rc1 39. Bd3 Rxc3 40. bxc3 Nxg4 41. c5 Ne5 42. Bf5 Kf6 43. Bc8 Ke7 44. Bxb7 Kd8 45. Ba6 Nd7 46. Bc4 f5 47. Be6 f4 48. Bxd7 Kxd7 49. Kf3 Ke6 50. Ke4 Kd7 51. Kf5 Kc7 52. f3 Kb7 53. Kg6 g4 54. fxg4 f3 55. Kxh6 f2 56. g5 f1Q 57. g6 Qf6 58. Kh7 Qf5 59. h6 Qd7+ 60. g7 Qf5+ 61. Kh8 Qf6 62. Kh7 Qf7 63. Kh8 Qf6 64. Kh7 Qf7 65. Kh8 Qf6 1/2-1/2

[Event "Titled Tuesday intern op 30th May Late"]
[Site "Chess.com INT"]
[Date "2023.05.30"]
[Round "10"]
[White "Simonian, Hrair"]
[Black "Rottenwohrer Suarez, Juan"]
[Result "1-0"]
[WhiteElo "2431"]
[BlackElo "2265"]
[PlyCount "93"]
[EventDate "2023.05.30"]
[EventType "swiss (blitz)"]
[EventRounds "11"]
[EventCountry "USA"]
[SourceTitle "CBM 214 Extra"]
[Source "ChessBase"]
[SourceDate "2023.07.31"]
[SourceVersion "1"]
[SourceVersionDate "2023.07.31"]
[SourceQuality "1"]

1. e4 c5 2. Nc3 g6 3. d4 cxd4 4. Qxd4 Nf6 5. Nf3 Nc6 6. Qa4 d6 7. e5 dxe5 8. Nxe5 Bd7 9. Nxd7 Qxd7 10. Bb5 Bg7 11. Be3 0-0 12. Rd1 Qg4 13. Qxg4 Nxg4 14. Bc5 Bxc3+ 15. bxc3 Rfc8 16. 0-0 a6 17. Ba4 b5 18. Bb3 e6 19. Rd6 Na5 20. Bb4 Nxb3 21. cxb3 a5 22. Ba3 Rxc3 23. h3 Nf6 24. Rfd1 Rc2 25. Rd8+ Rxd8 26. Rxd8+ Kg7 27. Bf8+ Kh8 28. Bh6+ Ng8 29. a3 Rc5 30. Be3 Rd5 31. Ra8 Kg7 32. Rxa5 Ne7 33. Ra7 Nf5 34. Bb6 Rd3 35. a4 Rxb3 36. a5 b4 37. g4 Nh4 38. Bd4+ Kf8 39. Bf6 Nf3+ 40. Kg2 Ke8 41. Re7+ Kf8 42. Rb7 Ke8 43. a6 Ra3 44. a7 Ne1+ 45. Kf1 Nd3 46. Re7+ Kf8 47. Rd7 1-0

[Event "Titled Tuesday intern op 23rd May Early"]
[Site "Chess.com INT"]
[Date "2023.05.23"]
[Round "9"]
[White "Bagwe, Gaurang"]
[Black "Simonian, Hrair"]
[Result "1-0"]
[WhiteElo "2067"]
[BlackElo "2431"]
[PlyCount "91"]
[EventDate "2023.05.23"]
[EventType "swiss (blitz)"]
[EventRounds "11"]
[EventCountry "USA"]
[SourceTitle "CBM 214 Extra"]
[Source "ChessBase"]
[SourceDate "2023.07.31"]
[SourceVersion "1"]
[SourceVersionDate "2023.07.31"]
[SourceQuality "1"]

1. e4 c5 2. Nf3 e6 3. d4 cxd4 4. Nxd4 a6 5. g3 Nf6 6. Bg2 Nc6 7. 0-0 Qc7 8. c4 Be7 9. Nc3 0-0 10. b3 b6 11. e5 Qxe5 12. Nxc6 dxc6 13. Bxc6 Ra7 14. Bb2 Bb7 15. Nb5 Qxb2 16. Nxa7 Bxc6 17. Nxc6 Bc5 18. Rc1 a5 19. Qc2 Qa3 20. Rcd1 h5 21. Rd3 Bb4 22. Rfd1 g6 23. Rf3 Kg7 24. Rd4 Ng4 25. h3 Nh6 26. g4 hxg4 27. hxg4 Bc5 28. Rdf4 g5 29. b4 axb4 30. Rxa3 bxa3 31. Rf3 Nxg4 32. Qc3+ Kg6 33. Ne5+ Nxe5 34. Qxe5 Be7 35. Qe4+ Kg7 36. Qb7 Bc5 37. Kg2 Kg6 38. Qe4+ Kg7 39. Rd3 Re8 40. Qe5+ f6 41. Rd7+ Kg6 42. Qe4+ f5 43. Qe5 Bf8 44. Qh8 f4 45. Qh7+ Kf6 46. Qf7+ 1-0

[Event "Titled Tuesday intern op 23rd May Early"]
[Site "Chess.com INT"]
[Date "2023.05.23"]
[Round "8"]
[White "Ibadov, Dashgyn"]
[Black "Simonian, Hrair"]
[Result "1/2-1/2"]
[WhiteElo "2391"]
[BlackElo "2431"]
[PlyCount "119"]
[EventDate "2023.05.23"]
[EventType "swiss (blitz)"]
[EventRounds "11"]
[EventCountry "USA"]
[SourceTitle "CBM 214 Extra"]
[Source "ChessBase"]
[SourceDate "2023.07.31"]
[SourceVersion "1"]
[SourceVersionDate "2023.07.31"]
[SourceQuality "1"]

1. e4 c5 2. Nf3 e6 3. d4 cxd4 4. Nxd4 a6 5. Nc3 b5 6. g3 Bb7 7. Bg2 Nf6 8. a3 d6 9. 0-0 Nbd7 10. Re1 Qc7 11. a4 b4 12. Nd5 exd5 13. exd5+ Ne5 14. f4 Be7 15. Nf5 Ng6 16. Nxg7+ Kf8 17. Nf5 h5 18. Be3 Ng4 19. Bd4 Bf6 20. h3 Bxd4+ 21. Qxd4 Qc5 22. Qxc5 dxc5 23. hxg4 hxg4 24. Nd6 Rb8 25. Nxb7 Rxb7 26. d6 Rd7 27. Rad1 Kg7 28. Bc6 Rdd8 29. d7 Kf6 30. Rd6+ Kg7 31. Re8 Rf8 32. f5 Nh8 33. Kf2 f6 34. Rxf8 Kxf8 35. Rxf6+ Kg7 36. Re6 Nf7 37. Re8 Kf6 38. Ke3 Kxf5 39. a5 c4 40. Kd4 b3 41. cxb3 cxb3 42. Rxd8 Nxd8 43. Bd5 Kf6 44. Bxb3 Ke7 45. Ba4 Ne6+ 46. Kd5 Nf4+ 47. Kc6 Kd8 48. Kb7 Ne2 49. Kxa6 Nxg3 50. Kb7 Ne4 51. Bc6 Nc5+ 52. Kb6 Nxd7+ 53. Bxd7 Kxd7 54. a6 g3 55. a7 g2 56. a8Q g1Q+ 57. Kb7 Qg2+ 58. Kb8 Qxb2+ 59. Qb7+ Qxb7+ 60. Kxb7 1/2-1/2

[Event "Titled Tuesday intern op 23rd May Early"]
[Site "Chess.com INT"]
[Date "2023.05.23"]
[Round "10"]
[White "Simonian, Hrair"]
[Black "Flynn, Jacob"]
[Result "1-0"]
[WhiteElo "2431"]
[BlackElo "2087"]
[PlyCount "76"]
[EventDate "2023.05.23"]
[EventType "swiss (blitz)"]
[EventRounds "11"]
[EventCountry "USA"]
[SourceTitle "CBM 214 Extra"]
[Source "ChessBase"]
[SourceDate "2023.07.31"]
[SourceVersion "1"]
[SourceVersionDate "2023.07.31"]
[SourceQuality "1"]

1. e4 e5 2. Nf3 Nc6 3. Bb5 a6 4. Ba4 Nf6 5. 0-0 Be7 6. Bxc6 dxc6 7. d3 Nd7 8. Nbd2 0-0 9. Nc4 Bd6 10. b3 Re8 11. Bb2 f6 12. Nh4 Nf8 13. Nf5 c5 14. Qg4 Qd7 15. Ncxd6 cxd6 16. Nh6+ Kh8 17. Qxd7 Bxd7 18. Nf7+ Kg8 19. Nxd6 Reb8 20. a4 b5 21. axb5 axb5 22. Rxa8 Rxa8 23. Ra1 Rxa1+ 24. Bxa1 Bc6 25. Nf5 Kf7 26. Ne3 Ke6 27. f3 g6 28. c3 Nd7 29. d4 cxd4 30. cxd4 exd4 31. Bxd4 Nb8 32. Nc2 f5 33. Ba7 Nd7 34. Nd4+ Kd6 35. exf5 gxf5 36. Nxf5+ Kd5 37. Ne7+ Kd6 38. Nxc6 Kxc6 1-0